Chile: Descripción física, política, social, industrial y comercial de la República de Chile

Salvato in:
Dettagli Bibliografici
Autori principali: Tornero, Juan (Autore), Silva Vildósola, Carlos (Autore)
Altri autori: Orrego Cortés, Augusto (autor), Montaner Bello, Ricardo (autor)
Natura: Libro
Lingua:spagnolo
Pubblicazione: Santiago Librería C. Tornero y Cia., calle Ahumada esquina Huérfanos 1903
Edizione:1a. ed
Soggetti:
Tags: Aggiungi Tag
Nessun Tag, puoi essere il primo ad aggiungerne!!

MARC

LEADER 00000nam a2200000 a 4500
001 UCJ5645
003 CL-VaPUC
008 070124e19030000CL |||||||||||||||||spa|d
082 0 4 |a 918.3  |b TOR  |2 21 
100 0 |a Tornero, Juan  |e author  |9 511104 
700 |a Orrego Cortés, Augusto  |e autor  |9 512327 
700 0 |a Silva Vildósola, Carlos  |e author  |9 504945 
700 |a Montaner Bello, Ricardo  |e autor  |9 566007 
245 1 0 |a Chile: Descripción física, política, social, industrial y comercial de la República de Chile 
250 |a 1a. ed 
300 |a 312 p 
942 |c BK 
945 |d 20070124 00:00:00  |a rinostro 
260 |a Santiago  |b Librería C. Tornero y Cia., calle Ahumada esquina Huérfanos  |c 1903 
500 |a Ilustrada con numerosos grabados y mapas 
500 |a Mapa de Chile anterior al Plebiscito de Tacna y Arica; iconografía e ilustraciones muy copiosas 
600 0 |a Congreso Nacional de Chile  |9 256491 
600 0 7 |a CASA DE MONEDA  |2 CL-VaPUC  |9 466137 
600 0 |a Universidad de Chile  |9 257231 
600 0 7 |a EJERCITO DE CHILE  |2 CL-VaPUC  |9 404556 
600 0 |a Armada de Chile  |9 340497 
650 0 |a Geografía de Chile   |9 268295 
650 0 |a Presidentes de Chile  |9 268293 
650 0 |a Recursos naturales  |9 255232 
650 0 |a Demografía   |9 260008 
650 0 |a Desarrollo económico y social   |9 256320 
650 0 |a Iconografía   |9 267998 
650 0 |a Mapas  |9 260844 
650 0 |a Historia de Chile  |9 265473 
583 |a last modification  |c 20130925 07:54:07  |k Rodrigo Vera 
999 |c 321754  |d 321752 
952 |0 0  |1 0  |4 0  |6 918_300000000000000_TOR_1903  |7 0  |8 X  |9 400581  |a FDOBUD  |b FDOBUD  |d 2019-11-22  |i 1037552  |o 918.3 TOR 1903  |p 1037552  |r 2019-11-22  |w 2019-11-22  |y BK_X  |k BUD